| 000 | 00562aam a2200217 4500 | ||
|---|---|---|---|
| 005 | 20161116192127.0 | ||
| 008 | 150513b xxu||||| |||| 00| 0 spa d | ||
| 041 | _aspa | ||
| 082 | _a371.397 T431m | ||
| 100 |
_aThiel Furlano, Fernando _932055 |
||
| 245 | _aManual para ludotecas | ||
| 260 | _aCosta Rica | ||
| 260 | _bTecnologica de Costa Rica | ||
| 260 | _c2003 | ||
| 300 | _a96 páginas | ||
| 650 |
_aJUEGOS INFANTILES _92435 |
||
| 650 |
_aJUEGOS EDUCATIVOS _923260 |
||
| 650 |
_aLUDOTECAS _932056 |
||
| 650 |
_aJUEGOS BAJO TECHO _932057 |
||
| 942 | _cBK | ||
| 999 |
_c5458 _d5458 |
||